Encyclopaedia of The Rule of Law, Islam and Constitutional Politics / (Record no. 613808)

000 -LEADER
fixed length control field 00325nam a22001097a 4500
020 ## - INTERNATIONAL STANDARD BOOK NUMBER
International Standard Book Number 9781781634141
245 ## - TITLE STATEMENT
Title Encyclopaedia of The Rule of Law, Islam and Constitutional Politics /
Statement of responsibility, etc. Edited by Derrick Miller
260 ## - PUBLICATION, DISTRIBUTION, ETC.
Place of publication, distribution, etc. London:
Name of publisher, distributor, etc. Koros Press Limited,
Date of publication, distribution, etc. 2015.
300 ## - PHYSICAL DESCRIPTION
Extent 3 Volume Set
563 ## - BINDING INFORMATION
Binding note HB.
942 ## - ADDED ENTRY ELEMENTS (KOHA)
Source of classification or shelving scheme
Koha item type Book
Holdings
Withdrawn status Lost status Source of classification or shelving scheme Damaged status Not for loan Permanent Location Current Location Date acquired Serial Enumeration / chronology Full call number Barcode Date last seen Price effective from Koha item type Public note
          NUST Law School (NLS) NUST Law School (NLS) 05/26/2025 Vol-1 340.59 ENC NLS-1719 05/26/2025 05/26/2025 Book Transfer to Center for Legal Research (NLS)
          NUST Law School (NLS) NUST Law School (NLS) 05/26/2025 Vol-2 340.59 ENC NLS-1720 05/26/2025 05/26/2025 Book Transfer to Center for Legal Research (NLS)
          NUST Law School (NLS) NUST Law School (NLS) 05/26/2025 Vol-3 340.59 ENC NLS-1721 05/26/2025 05/26/2025 Book Transfer to Center for Legal Research (NLS)
© 2023 Central Library, National University of Sciences and Technology. All Rights Reserved.